<?xml version="1.0" encoding="UTF-8"?>
<record
    xmlns:xsi="http://www.w3.org/2001/XMLSchema-instance"
    xsi:schemaLocation="http://www.loc.gov/MARC21/slim http://www.loc.gov/standards/marcxml/schema/MARC21slim.xsd"
    xmlns="http://www.loc.gov/MARC21/slim">

  <leader>01847nam a2200289 a 4500</leader>
  <controlfield tag="001">000035913</controlfield>
  <controlfield tag="003">DO-SdBNP</controlfield>
  <controlfield tag="005">20221017142015.0</controlfield>
  <controlfield tag="007">ta</controlfield>
  <controlfield tag="008">111115t2011    dr     fr     001 edspa d</controlfield>
  <datafield tag="040" ind1=" " ind2=" ">
    <subfield code="a">DO-SdBNP</subfield>
    <subfield code="b">spa</subfield>
    <subfield code="c">BNPHU</subfield>
  </datafield>
  <datafield tag="082" ind1=" " ind2="4">
    <subfield code="b">M337r</subfield>
    <subfield code="2">22</subfield>
  </datafield>
  <datafield tag="100" ind1="1" ind2=" ">
    <subfield code="a">Montero, Gregorio,</subfield>
    <subfield code="d">1966 -</subfield>
    <subfield code="9">61917</subfield>
  </datafield>
  <datafield tag="245" ind1="1" ind2="0">
    <subfield code="a">Regim&#xE9;n jur&#xED;dico y profesionalizaci&#xF3;n de los funcionarios P&#xFA;blicos /</subfield>
    <subfield code="c">Gregorio Montero.</subfield>
  </datafield>
  <datafield tag="260" ind1=" " ind2=" ">
    <subfield code="a">Santo Domingo :</subfield>
    <subfield code="b">MAP,</subfield>
    <subfield code="c">2011</subfield>
  </datafield>
  <datafield tag="300" ind1=" " ind2=" ">
    <subfield code="a">350 p. ;</subfield>
    <subfield code="c">23 cm.</subfield>
  </datafield>
  <datafield tag="500" ind1=" " ind2=" ">
    <subfield code="a">Incluye datos biogr&#xE1;ficos del autor en las solapas de las cubiertas.</subfield>
  </datafield>
  <datafield tag="500" ind1=" " ind2=" ">
    <subfield code="a">Incluye bibliograf&#xED;a y notas al pi&#xE9; de p&#xE1;ginas.</subfield>
  </datafield>
  <datafield tag="504" ind1=" " ind2=" ">
    <subfield code="a">Bibliograf&#xED;a: p. 347- 350</subfield>
  </datafield>
  <datafield tag="505" ind1=" " ind2=" ">
    <subfield code="a">Presentaci&#xF3;n.</subfield>
    <subfield code="g">Pr&#xF3;logo.</subfield>
    <subfield code="g">Introducci&#xF3;n.</subfield>
    <subfield code="t">Cap&#xED;tulo I. Generalidades.-- </subfield>
    <subfield code="t">Cap&#xED;tulo II. Evoluci&#xF3;n del derecho de la funci&#xF3;n p&#xFA;blica.--</subfield>
    <subfield code="t">Cap&#xED;tulo III. El derecho de la funci&#xF3;n p&#xFA;blica en la actualidad.--</subfield>
    <subfield code="t">Cap&#xED;tulo IV. R&#xE9;gimen jur&#xED;dico de los funcionarios p&#xFA;blicos.--</subfield>
    <subfield code="t">Cap&#xED;tulo V. La funci&#xF3;n p&#xFA;blica en la constituci&#xF3;n pol&#xED;tica.--  </subfield>
    <subfield code="t">Cap&#xED;tulo VI. Administraci&#xF3;n del sistema de funci&#xF3;n p&#xFA;blica.--</subfield>
    <subfield code="t">Cap&#xED;tulo VII. Organizai&#xF3;n del empleo p&#xFA;blico.</subfield>
    <subfield code="t">Cap&#xED;tulo VIII. Sistema retributivo.--</subfield>
    <subfield code="t">Cap&#xED;tulo IX. Ingreso a los cargos p&#xFA;blicos.--</subfield>
    <subfield code="t">Cap&#xED;tulo X. Carrera funcionarial.--</subfield>
    <subfield code="t">Cap&#xED;tulo XI. Situaciones administrativas.--</subfield>
    <subfield code="t">Cap&#xED;tulo XII. R&#xE9;gimen de relaciones laborales.--</subfield>
    <subfield code="t">Cap&#xED;tulo XIII. T&#xE9;rmino de la relaci&#xF3;n de empleo p&#xFA;blico.--</subfield>
    <subfield code="t">Cap&#xED;tulo XIV. R&#xE9;gimen de recursos.-</subfield>
    <subfield code="t">Bibliograf&#xED;a.</subfield>
  </datafield>
  <datafield tag="590" ind1=" " ind2=" ">
    <subfield code="a">Inventariado, 2022 / MF</subfield>
  </datafield>
  <datafield tag="650" ind1=" " ind2="4">
    <subfield code="9">19963</subfield>
    <subfield code="a">Administraci&#xF3;n P&#xFA;blica</subfield>
    <subfield code="x">Legislaci&#xF3;n</subfield>
    <subfield code="z">Rep&#xFA;blica Dominicana</subfield>
  </datafield>
  <datafield tag="650" ind1=" " ind2="4">
    <subfield code="9">71153</subfield>
    <subfield code="a">Funci&#xF3;n P&#xFA;blica</subfield>
    <subfield code="x">Legislaci&#xF3;n</subfield>
    <subfield code="z">Rep&#xFA;blica Dominicana</subfield>
  </datafield>
  <datafield tag="650" ind1=" " ind2="4">
    <subfield code="9">6503</subfield>
    <subfield code="a">Funcionarios P&#xFA;blicos</subfield>
    <subfield code="x">Legislaci&#xF3;n</subfield>
    <subfield code="z">Rep&#xFA;blica Dominicana</subfield>
  </datafield>
  <datafield tag="910" ind1=" " ind2=" ">
    <subfield code="a">MFeliz</subfield>
  </datafield>
  <datafield tag="942" ind1=" " ind2=" ">
    <subfield code="2">ddc</subfield>
    <subfield code="c">LBS1</subfield>
  </datafield>
  <datafield tag="952" ind1=" " ind2=" ">
    <subfield code="0">0</subfield>
    <subfield code="1">0</subfield>
    <subfield code="2">ddc</subfield>
    <subfield code="5">6</subfield>
    <subfield code="7">0</subfield>
    <subfield code="8">DS</subfield>
    <subfield code="a">BNPHU</subfield>
    <subfield code="b">BNPHU</subfield>
    <subfield code="c">HD</subfield>
    <subfield code="d">2011-11-15</subfield>
    <subfield code="e">Donado por Francisco C&#xE1;ceres</subfield>
    <subfield code="o">M337r</subfield>
    <subfield code="p">35913-30</subfield>
    <subfield code="r">2020-06-25</subfield>
    <subfield code="t">e. 3</subfield>
    <subfield code="w">2020-06-25</subfield>
    <subfield code="y">LBS1</subfield>
  </datafield>
  <datafield tag="952" ind1=" " ind2=" ">
    <subfield code="0">0</subfield>
    <subfield code="1">0</subfield>
    <subfield code="2">ddc</subfield>
    <subfield code="5">6</subfield>
    <subfield code="7">0</subfield>
    <subfield code="8">DS</subfield>
    <subfield code="a">BNPHU</subfield>
    <subfield code="b">BNPHU</subfield>
    <subfield code="c">HD</subfield>
    <subfield code="d">0000-00-00</subfield>
    <subfield code="o"> M337r</subfield>
    <subfield code="p">35913-40</subfield>
    <subfield code="r">2020-06-25</subfield>
    <subfield code="t">e. 4</subfield>
    <subfield code="w">2020-06-25</subfield>
    <subfield code="y">LBS1</subfield>
  </datafield>
  <datafield tag="952" ind1=" " ind2=" ">
    <subfield code="0">0</subfield>
    <subfield code="1">0</subfield>
    <subfield code="2">ddc</subfield>
    <subfield code="5">1</subfield>
    <subfield code="7">0</subfield>
    <subfield code="8">PD</subfield>
    <subfield code="a">BNPHU</subfield>
    <subfield code="b">BNPHU</subfield>
    <subfield code="c">HD</subfield>
    <subfield code="d">2011-10-06</subfield>
    <subfield code="e">Dep&#xF3;sito legal</subfield>
    <subfield code="o">M337r</subfield>
    <subfield code="p">35913-10</subfield>
    <subfield code="r">2020-06-25</subfield>
    <subfield code="w">2020-06-25</subfield>
    <subfield code="y">LBS1</subfield>
  </datafield>
  <datafield tag="952" ind1=" " ind2=" ">
    <subfield code="0">0</subfield>
    <subfield code="1">0</subfield>
    <subfield code="2">ddc</subfield>
    <subfield code="5">1</subfield>
    <subfield code="7">0</subfield>
    <subfield code="8">PD</subfield>
    <subfield code="a">BNPHU</subfield>
    <subfield code="b">BNPHU</subfield>
    <subfield code="c">HD</subfield>
    <subfield code="d">2011-10-06</subfield>
    <subfield code="e">Dep&#xF3;sito legal</subfield>
    <subfield code="o">M337r</subfield>
    <subfield code="p">35913-20</subfield>
    <subfield code="r">2020-06-25</subfield>
    <subfield code="t">e. 2</subfield>
    <subfield code="w">2020-06-25</subfield>
    <subfield code="y">LBS1</subfield>
  </datafield>
  <datafield tag="999" ind1=" " ind2=" ">
    <subfield code="c">35404</subfield>
    <subfield code="d">35404</subfield>
  </datafield>
</record>
